000 00452nam a2200181Ia 4500
001 18319
005 20260306171622.0
008 260306s9999||||xx |||||||||||||| ||und||
041 _aESP
082 _a658.403
_bD31
100 _aDavis, Duane
_eAUT
245 0 _aInvestigación en administración para la toma de decisiones
260 _c2001
300 _a600 páginas :
_c24 cm.
650 _aGEN
654 _aCAN
942 _cLIB
_dJUS
_fJUS
_2ddc
_n
999 _c18319
_d18319